000 01083cam a2200313 a 4500
999 _c29422
_d29422
001 16884018
003 OSt
005 20171205194238.0
008 110722s2008 ke d 000 0 swa
010 _a 2011343500
020 _a9789966464460
020 _z9789966464468
040 _aDLC
_cDLC
041 0 _aswa
042 _apcc
_alcode
050 0 0 _aPL8703
_b.K49 2008
100 1 _aKing'ei, Kitula G.
245 1 0 _aKamusi ya methali za Kiswahili /
_cKitula King'ei na Ahmed Ndalu.
250 _aToleo jipya.
260 _aNairobi :
_bEast African Educational Pubilshers,
_c2008
_g(2010 printing)
300 _aix, 372 p. ;
_c22 cm.
520 _aA dictionary of Swahili proverbs and their usage.
546 _aIn Swahili.
650 0 _aSwahili language
_xGlossaries, vocabularies, etc.
700 1 _aNdalu, Ahmed E.
906 _a7
_bcbc
_corigcop
_d2
_encip
_f20
_gy-gencatlg
942 _2lcc
_cREF_BOOK
_hPL 8703 .K56 2016